Pokémon - Les attaques de Sancoki - Statistiques

Statistiques générales
  • Ce quiz a été pris 12 fois
  • Le résultat moyen est 7 sur 11
Statistiques - réponses
Niveaux Types Noms des attaques % Correct
Départ Sol Coud'Boue
86%
Niveau 40 Eau Danse Pluie
86%
Niveau 20 Roche Pouvoir Antique
86%
Niveau 31 Eau Ocroupi
71%
Départ Eau Pistolet à O
71%
Niveau 25 Normal Plaquage
71%
Niveau 35 Sol Telluriforce
71%
Niveau 15 Eau Vibraqua
71%
Niveau 5 Normal Armure
57%
Niveau 10 Normal Soin
43%
Niveau 45 Ténèbres Souvenir
29%
Aucun quiz correspondant
Distribution des résultats
% des personnes avec chaque résultat
Percentile par nombre de réponses
Votre historique - résultats
Vous n’avez pas pris ce quiz